00321nam a2200085Ia 4500008004100000100002900041245009800070260005300168300001400221180205s9999 xx 000 0 und d aEsguerra, Jose Perico H. aTeaching guide for senior high school general physics 1 :bspecialized subject/ academic-stem aQuezon CitybCommision on higher educationc2016 a170 pages